Handbook on legal ethics and professional conduct : bar & bench (Record no. 40771)

MARC details
000 -LEADER
fixed length control field 00467nam a2200181Ia 4500
020 ## - INTERNATIONAL STANDARD BOOK NUMBER
ISBN 9781230631
050 ## - CALL MARK
Classification number KP 64 .O3/
100 ## - STATEMENT OF RESPONSIBILITY--MAIN AUTHOR NAME
Personal name Odabi, Osaretin Kingsley
245 #0 - TITLE STATEMENT
Title Handbook on legal ethics and professional conduct : bar & bench
260 ## - PUBLICATION, DISTRIBUTION, ETC. (IMPRINT)
Place of publication Benin City
260 ## - PUBLICATION, DISTRIBUTION, ETC. (IMPRINT)
Name of publisher Ethiope publishing Co.
260 ## - PUBLICATION, DISTRIBUTION, ETC. (IMPRINT)
Year of publication 2010
300 ## - PHYSICAL DESCRIPTION
Number of Pages 451 p
650 ## - SUBJECT ADDED ENTRY--TOPICAL TERM
Topical Term Benin City
942 ## - ADDED ENTRY ELEMENTS (KOHA)
Koha item type Books
Holdings
Withdrawn status Lost status Damaged status Not for loan Permanent Location Current Location Shelving location Date acquired Accession Number Price effective from Koha item type
        Law Library Law Library Items on shelf 06/03/2025 0184453 06/03/2025 Books